Asterix Characters by Picture - Statistics

General Stats
  • This quiz has been taken 70 times
    62 since last reset
  • The average score is 8 of 15
Answer Stats
Picture Answer % Correct
Asterix
100%
Obelix
98%
Dogmatix
91%
Getafix
84%
Julius Caesar
68%
Vitalstatistix
64%
Cacofonix
59%
Geriatrix
52%
Impedimenta
52%
Fulliautomatix
41%
Panacea
38%
Unhygienix
36%
Bacteria
20%
Mrs Geriatrix
5%
Mrs. Fulliautomatix
4%
No matching quizzes found
Score Distribution
Percent of People with Each Score
Percentile by Number Answered
Your Score History
You have not taken this quiz since the last reset